000 00904nam a2200265Ia 4500
003 GCL
008 140319s9999 xx 000 0 ara d
020 _a2097340977
040 _aGCL /
_cGCL
082 0 4 _a657.42
_bا م
100 1 _aابوبكر عبدالعزيز البنا
245 1 0 _aمبادئ محاسبة التكاليف /
_cابوبكر عبدالعزيز البنا
250 _aالاولى
260 _aالقاهرة :
_bمطبعة الصفا والمروة ،
_c2005
300 _a550 ص ؛
_c24 سم
650 0 4 _aمراجعة الحسابات
650 0 4 _aمحاسبة التكاليف
650 0 4 _aالتسويق
650 0 4 _aالمحاسبة الادارية
650 0 4 _aالتقارير المالية
650 0 4 _aالبنوك - محاسبة
650 0 4 _aالتكاليف المعيارية
650 0 4 _aتصنيف التكاليف
942 _2ddc
_cBK
999 _c31214
_d31214